000 00340 a2200157 4500
001 58951
020 _a8508086504
040 _cAnchieta - Pituba
100 _aTeixeira JĂșnior, Luiz Alexandre
240 1 0 _aO engenho colonial
_lpor
245 1 0 _aO engenho colonial
300 _a39
362 0 _a2003
650 4 _aBrasil
942 _cBK
999 _c58951
_d58951